Norwich City Squad 2025–26 By Picture - Statistics

General Stats
  • This quiz has been taken 25 times
  • The average score is 29 of 32
Answer Stats
Picture Answer % Correct
Ali Ahmed
100%
Anis Ben Slimane
100%
Harry Darling
100%
Jack Stacey
100%
Josh Sargent
100%
Jovon Makama
100%
Kenny McLean
100%
Philippe Clement
100%
Vladan Kovačević
100%
Ben Chrisene
95%
Forson Amankwah
95%
José Córdoba
95%
Kellen Fisher
95%
Liam Gibbs
95%
Paris Maghoma
95%
Emiliano Marcondes
90%
Jakov Medić
90%
Matěj Jurásek
90%
Mathias Kvistgaarden
90%
Mirko Topić
90%
Mohamed Touré
90%
Pelle Mattsson
90%
Ante Crnac
85%
Jacob Wright
85%
Jeffrey Schlupp
85%
Oscar Schwartau
85%
Papa Amadou Diallo
85%
Ruairi McConville
85%
Daniel Grimshaw
80%
Lucien Mahovo
80%
Sam Field
80%
Tony Springett
80%
No matching quizzes found
Score Distribution
Percent of People with Each Score
Percentile by Number Answered
Your Score History
You have not taken this quiz